00341nam a2200097Ia 4500008004100000245007300041245004100114260000900155650001400164856006500178171211s9999 xx 000 0 und d aIntegrating Young Adult Literature Through The Common Core Standards cJon W. Ostenson and Rachel L. Wadham c2013 xLANGUAGES uhttp://down.ebook777.com/024/IntYouAduLitThrTheComCorSta.pdf